Finanční gramotnost v České republice
Prieskum problematiky finančnej gramotnosti v Českej republike. Pojem finančná gramotnosť a jej definície. Zložky finančnej gramotnosti. Dotazníkový prieskum a výsledky analýzy, ktoré organizovala agentúra STEM/MARK pre Českú Národnú Banku.
Salvato in:
| Autore principale: | |
|---|---|
| Natura: | Capitolo di libro |
| Lingua: | ceco |
| Soggetti: | |
| Tags: |
Nessun Tag, puoi essere il primo ad aggiungerne!!
|
MARC
| LEADER | 00000nla$a2200000$$$4500 | ||
|---|---|---|---|
| 001 | 0150120 | ||
| 005 | 20221107085853.9 | ||
| 041 | 0 | |a cze | |
| 044 | |a CZ | ||
| 245 | 1 | 0 | |a Finanční gramotnost v České republice |c Hana Šedová |
| 520 | |a Prieskum problematiky finančnej gramotnosti v Českej republike. Pojem finančná gramotnosť a jej definície. Zložky finančnej gramotnosti. Dotazníkový prieskum a výsledky analýzy, ktoré organizovala agentúra STEM/MARK pre Českú Národnú Banku. | ||
| 610 | 2 | 0 | |a Česko |
| 610 | 2 | 0 | |a gramotnosť finančná |
| 610 | 2 | 0 | |a vzdelávanie |
| 610 | 2 | 0 | |a financie |
| 610 | 2 | 0 | |a monitoring |
| 610 | 2 | 0 | |a prieskum |
| 610 | 2 | 0 | |a projekty |
| 610 | 2 | 0 | |a obyvateľstvo |
| 610 | 2 | 0 | |a dotazníky |
| 100 | 1 | |a Šedová, Hana | |